Personality Development and Soft Skills (Record no. 5558)
[ view plain ]
| 000 -LEADER | |
|---|---|
| fixed length control field | 00324nam a2200133Ia 4500 |
| 008 - FIXED-LENGTH DATA ELEMENTS--GENERAL INFORMATION | |
| fixed length control field | 191201s2011 xx 000 0 und d |
| 100 ## - MAIN ENTRY--PERSONAL NAME | |
| Personal name | MITRA, Barun K |
| 245 #0 - TITLE STATEMENT | |
| Title | Personality Development and Soft Skills |
| 250 ## - EDITION STATEMENT | |
| Edition statement | 1st |
| 260 ## - PUBLICATION, DISTRIBUTION, ETC. (IMPRINT) | |
| Place of publication, distribution, etc | New Delhi |
| Name of publisher, distributor, etc | Oxford |
| Date of publication, distribution, etc | 2011 |
| 300 ## - PHYSICAL DESCRIPTION | |
| Extent | 258 |
| 650 ## - SUBJECT ADDED ENTRY--TOPICAL TERM | |
| Topical term or geographic name as entry element | B.Tech(TE) |
| 942 ## - ADDED ENTRY ELEMENTS (KOHA) | |
| Source of classification or shelving scheme | Dewey Decimal Classification |
| Koha item type | Text Books |
| Withdrawn status | Lost status | Source of classification or shelving scheme | Damaged status | Not for loan | Collection code | Home library | Current library | Date acquired | Source of acquisition | Cost, normal purchase price | Bill Number | Total Checkouts | Full call number | Acc. no. / Barcode | Date last seen | Date last borrowed | Bill Date | Koha item type | Checked out | Public note |
|---|---|---|---|---|---|---|---|---|---|---|---|---|---|---|---|---|---|---|---|---|
| Dewey Decimal Classification | BBA | PIET C-LIBRARY | PIET C-LIBRARY | 15/04/2013 | IBH, New Delhi | 265.00 | 8566 | 2 | 155.25 MIP | 21428 | 17/03/2025 | 03/03/2025 | 18/08/2012 | Text Books | ||||||
| Dewey Decimal Classification | BBA | PIET C-LIBRARY | PIET C-LIBRARY | 15/04/2013 | IBH, New Delhi | 265.00 | 8566 | 1 | 155.25 MIP | 21429 | 22/01/2022 | 22/01/2022 | 18/08/2012 | Text Books | 21/07/2022 | . | ||||
| Dewey Decimal Classification | BBA | PIET C-LIBRARY | PIET C-LIBRARY | 15/04/2013 | IBH, New Delhi | 265.00 | 8566 | 1 | 155.25 MIP | 21430 | 20/05/2022 | 10/05/2022 | 18/08/2012 | Text Books | ||||||
| Dewey Decimal Classification | BBA | PIET C-LIBRARY | PIET C-LIBRARY | 15/04/2013 | IBH, New Delhi | 265.00 | 8566 | 1 | 155.25 MIP | 21431 | 03/03/2025 | 19/02/2025 | 18/08/2012 | Text Books | ||||||
| Dewey Decimal Classification | BBA | PIET C-LIBRARY | PIET C-LIBRARY | 15/04/2013 | IBH, New Delhi | 265.00 | 8566 | 155.25 MIP | 21432 | 04/12/2019 | 18/08/2012 | Text Books | ||||||||
| Dewey Decimal Classification | BBA | PIET C-LIBRARY | PIET C-LIBRARY | 15/04/2013 | IBH, New Delhi | 265.00 | 8566 | 1 | 155.25 MIP | 21433 | 19/05/2022 | 05/05/2022 | 18/08/2012 | Text Books | ||||||
| Dewey Decimal Classification | BBA | PIET C-LIBRARY | PIET C-LIBRARY | 15/04/2013 | IBH, New Delhi | 265.00 | 8566 | 155.25 MIP | 21434 | 04/12/2019 | 18/08/2012 | Text Books | ||||||||
| Dewey Decimal Classification | BBA | PIET C-LIBRARY | PIET C-LIBRARY | 15/04/2013 | IBH, New Delhi | 265.00 | 8566 | 155.25 MIP | 21435 | 04/12/2019 | 18/08/2012 | Text Books | ||||||||
| Dewey Decimal Classification | BBA | PIET C-LIBRARY | PIET C-LIBRARY | 15/04/2013 | IBH, New Delhi | 265.00 | 8566 | 1 | 155.25 MIP | 21436 | 15/01/2021 | 04/01/2021 | 18/08/2012 | Text Books | ||||||
| Dewey Decimal Classification | BBA | PIET C-LIBRARY | PIET C-LIBRARY | 15/04/2013 | IBH, New Delhi | 265.00 | 8566 | 155.25 MIP | 21437 | 04/12/2019 | 18/08/2012 | Text Books | ||||||||
| Dewey Decimal Classification | BBA | PIET C-LIBRARY | PIET C-LIBRARY | 24/05/2013 | 0.00 | Donated by 2809055 Rahul Gupta | 1 | 155.25 MIP | 22585 | 19/02/2025 | 05/02/2025 | 24/05/2013 | Text Books | Donated by 2809055 Rahul Gupta |